[Event "GER T232-C65-S email"]
[Site "GER email"]
[Date "2015.12.29"]
[Round "?"]
[White "Hemp, Stephen"]
[Black "Gierden, Horst"]
[Result "1/2-1/2"]
[WhiteElo "1958"]
[BlackElo "1996"]
[PlyCount "59"]
[EventDate "2016.01.04"]
[EventType "tourn (corr)"]
[EventRounds "8"]
[EventCountry "GER"]
[SourceTitle "Corr 2020"]
[Source "ChessBase"]
[SourceDate "2019.09.30"]
[SourceVersion "1"]
[SourceVersionDate "2019.09.30"]
[SourceQuality "1"]

1. e4 e5 2. Nf3 Nc6 3. Bb5 Nf6 4. 0-0 Nxe4 5. d4 Nd6 6. Bxc6 dxc6 7. dxe5 Nf5 8. Qxd8+ Kxd8 9. h3 Be6 10. Nc3 h6 11. g4 Ne7 12. Nd4 Bd7 13. f4 c5 14. Nf3 g6 15. b3 b6 16. Bb2 Bg7 17. Rad1 Kc8 18. Ne2 Bc6 19. c4 Kb7 20. Ng3 h5 21. gxh5 Nf5 22. Kf2 Nxg3 23. Kxg3 Rxh5 24. Ng5 Rah8 25. Rd2 a5 26. Rh2 Rd8 27. Nxf7 Rd3+ 28. Kf2 Bd7 29. Ng5 Bf5 30. Re1 1/2-1/2

[Event "GER T232-C65-S email"]
[Site "GER email"]
[Date "2015.12.29"]
[Round "?"]
[White "Waibel, Ulrich"]
[Black "Hemp, Stephen"]
[Result "1/2-1/2"]
[WhiteElo "1400"]
[BlackElo "1958"]
[PlyCount "30"]
[EventDate "2016.01.04"]
[EventType "tourn (corr)"]
[EventRounds "8"]
[EventCountry "GER"]
[SourceTitle "Corr 2020"]
[Source "ChessBase"]
[SourceDate "2019.09.30"]
[SourceVersion "1"]
[SourceVersionDate "2019.09.30"]
[SourceQuality "1"]

1. e4 e5 2. Nf3 Nc6 3. Bb5 Nf6 4. Nc3 Bb4 5. 0-0 0-0 6. Re1 d6 7. a3 Ba5 8. Bxc6 bxc6 9. Rb1 Bg4 10. h3 Bh5 11. d4 Bxf3 12. Qxf3 exd4 13. b4 Bb6 14. Ne2 Nd7 15. Rd1 Qf6 1/2-1/2

[Event "GER ML-392 email"]
[Site "GER email"]
[Date "2014.??.??"]
[Round "?"]
[White "Hemp, Stephen"]
[Black "Sendobry, Bert"]
[Result "1/2-1/2"]
[WhiteElo "1911"]
[BlackElo "1848"]
[PlyCount "47"]
[EventDate "2014.??.??"]
[EventType "tourn (corr)"]
[EventRounds "6"]
[EventCountry "GER"]
[SourceTitle "Corr 2015"]
[Source "ChessBase"]
[SourceDate "2015.07.17"]
[SourceVersion "1"]
[SourceVersionDate "2015.07.17"]
[SourceQuality "1"]

1. e4 e6 2. d4 d5 3. Nc3 Nf6 4. e5 Nfd7 5. f4 c5 6. Nf3 Nc6 7. Be3 cxd4 8. Nxd4 Bc5 9. Qd2 a6 10. 0-0-0 Nxd4 11. Bxd4 Bxd4 12. Qxd4 b5 13. Kb1 0-0 14. h4 Qb6 15. h5 Qxd4 16. Rxd4 Bb7 17. Be2 Bc6 18. Nd1 Rae8 19. Bf3 h6 20. c3 a5 21. Ne3 Rb8 22. Rc1 Rfc8 23. g4 Kf8 24. Rg1 1/2-1/2

[Event "GER ML-392 email"]
[Site "GER email"]
[Date "2014.??.??"]
[Round "?"]
[White "Jaspert, Juergen"]
[Black "Hemp, Stephen"]
[Result "1/2-1/2"]
[WhiteElo "1759"]
[BlackElo "1911"]
[PlyCount "32"]
[EventDate "2014.??.??"]
[EventType "tourn (corr)"]
[EventRounds "6"]
[EventCountry "GER"]
[SourceTitle "Corr 2015"]
[Source "ChessBase"]
[SourceDate "2015.07.17"]
[SourceVersion "1"]
[SourceVersionDate "2015.07.17"]
[SourceQuality "1"]

1. e4 c5 2. Nf3 d6 3. d4 cxd4 4. Nxd4 Nf6 5. Nc3 a6 6. Be3 e6 7. Be2 Be7 8. f4 0-0 9. 0-0 Qc7 10. a4 Nc6 11. Qe1 Nxd4 12. Bxd4 e5 13. Be3 exf4 14. Bxf4 Be6 15. Qg3 Nd7 16. Bh6 Qc5+ 1/2-1/2

[Event "GER ML-388 email"]
[Site "GER email"]
[Date "2013.??.??"]
[Round "?"]
[White "Hemp, Stephen"]
[Black "Goldbecker, Kurt Juergen"]
[Result "1/2-1/2"]
[WhiteElo "1911"]
[BlackElo "1997"]
[PlyCount "51"]
[EventDate "2013.??.??"]
[EventType "tourn (corr)"]
[EventRounds "6"]
[EventCountry "GER"]
[SourceTitle "Corr 2015"]
[Source "ChessBase"]
[SourceDate "2015.07.17"]
[SourceVersion "1"]
[SourceVersionDate "2015.07.17"]
[SourceQuality "1"]

1. e4 e6 2. d4 d5 3. Nd2 Nf6 4. e5 Nfd7 5. c3 c5 6. Bd3 Nc6 7. Ne2 cxd4 8. cxd4 f6 9. exf6 Nxf6 10. 0-0 Bd6 11. Nf3 Qc7 12. Nc3 a6 13. Re1 0-0 14. h3 Bd7 15. Bg5 Rae8 16. Rc1 Rc8 17. Ne5 h6 18. Bxf6 Rxf6 19. Bb1 Rf4 20. Nxc6 bxc6 21. Qd3 Rf6 22. Nd1 g6 23. Ne3 h5 24. Qxa6 Qb8 25. Rc2 Re8 26. Qd3 1/2-1/2

[Event "GER ML-388 email"]
[Site "GER email"]
[Date "2013.??.??"]
[Round "?"]
[White "Hemp, Stephen"]
[Black "Mehaux, Heiko"]
[Result "1/2-1/2"]
[WhiteElo "1911"]
[BlackElo "2076"]
[PlyCount "40"]
[EventDate "2013.??.??"]
[EventType "tourn (corr)"]
[EventRounds "6"]
[EventCountry "GER"]
[SourceTitle "Corr 2015"]
[Source "ChessBase"]
[SourceDate "2015.07.17"]
[SourceVersion "1"]
[SourceVersionDate "2015.07.17"]
[SourceQuality "1"]

1. e4 c5 2. Nf3 d6 3. d4 cxd4 4. Nxd4 Nf6 5. Nc3 a6 6. Bg5 e6 7. f4 Qb6 8. Qd2 Qxb2 9. Rb1 Qa3 10. e5 dxe5 11. fxe5 Nfd7 12. Ne4 Qxa2 13. Rd1 h6 14. Bh4 Qb2 15. Qe3 Bc5 16. Be2 Qa3 17. c3 Nc6 18. 0-0 0-0 19. Nf6+ Nxf6 20. Bxf6 Bxd4 1/2-1/2

[Event "GER ML-388 email"]
[Site "GER email"]
[Date "2013.??.??"]
[Round "?"]
[White "Sendobry, Bert"]
[Black "Hemp, Stephen"]
[Result "1/2-1/2"]
[WhiteElo "1856"]
[BlackElo "1911"]
[PlyCount "60"]
[EventDate "2013.??.??"]
[EventType "tourn (corr)"]
[EventRounds "6"]
[EventCountry "GER"]
[SourceTitle "Corr 2015"]
[Source "ChessBase"]
[SourceDate "2015.07.17"]
[SourceVersion "1"]
[SourceVersionDate "2015.07.17"]
[SourceQuality "1"]

1. d4 d5 2. c4 c6 3. Nf3 Nf6 4. e3 e6 5. Nc3 Nbd7 6. Bd3 dxc4 7. Bxc4 b5 8. Bd3 Bb7 9. 0-0 Bd6 10. Bd2 0-0 11. a3 a5 12. Ng5 Be7 13. Qc2 h6 14. Nh7 Nxh7 15. Bxh7+ Kh8 16. Bd3 b4 17. Ne4 c5 18. axb4 axb4 19. Nxc5 Nxc5 20. Rxa8 Bxa8 21. dxc5 Qd5 22. e4 Qxc5 23. Ra1 Rd8 24. Qxc5 Bxc5 25. Kf1 f5 26. exf5 Bxg2+ 27. Kxg2 Rxd3 28. Bc1 e5 29. Ra4 b3 30. Re4 Rd1 1/2-1/2